000 01025cam a2200241 4500
001 WS114260
008 010822n 000 0 eng u
035 _a(Sirsi) u114260
110 _aInstitute of Real Estate Management
_92511
245 _aInstitute of Real Estate Management
520 _aWeb site for this US based organisation which describes itself as a 'source for education and professional recognition for real estate managers and management organisations'. Includes details of its certification schemes, links to the 'Journal of Property Management', a directory of members and its code of ethics. View at www.irem.org.
650 _aUNITED STATES
650 _aINTERNATIONAL
650 _aPROPERTY MANAGERS
650 _aCERTIFIED PROPERTY MANAGER
650 _aQUALIFICATIONS
650 _aJOURNALS
650 _aORGANISATION
650 _aCODE OF ETHICS
690 _aPROPERTY MANAGEMENT
_96262
856 4 0 _uhttps://www.irem.org
_vView the website free of charge at www.irem.org...
942 _n0
999 _c119859
_d119859